Największe miasto Począwszy od I w tym kraju - Statystyki

Ogólne statystyki
  • Ten quiz został rozwiązany 133 razy
  • Średni wynik to 4 z 15
Statystyki odpowiedzi
Kraj I Miasto % Poprawnych
Pakistan Islamabad
78%
Polska Inowrocław
74%
Austria Innsbruck
67%
Turcja Izmir
38%
Stany Zjednoczone Indianapolis
37%
Wielka Brytania Ipswich
26%
Niemcy Ingolstadt
20%
Iran Isfahan
20%
Nigeria Ibadan
15%
Korea Południowa Incheon
15%
Rosja Iżewsk
12%
Włochy Imola
8%
Irak Irbil
7%
Kolumbia Ibagué
2%
Japonia Ichikawa
0%
Nie znaleziono quizów pasujących do podanych kryteriów
Rozkład punktacji
Procent ludzi z każdym wynikiem
Percentyl według liczby udzielonych odpowiedzi
Twoja historia wyników
Nie rozwiązałeś tego quizu